000 00272nam a2200097 a 4500
005 20200930070743.0
008 110923s1948 000 spa d
245 0 _aCentenario y panegírico de Federico Henqíquez y Carvajal.
260 _aLa Habana,
_c1948.
999 _c33567
_d33567
040 _aDO-SdBNP